书目信息 |
| 题名: |
中国保护动物图鉴
|
|
| 作者: | 李湘涛 , 徐丽娟 主编 | |
| 分册: | ||
| 出版信息: | 北京 中国地图出版社 2000.01 |
|
| 页数: | 149页 | |
| 开本: | 16开 | |
| 丛书名: | ||
| 单 册: | ||
| 中图分类: | Q958.52-64 , Q | |
| 科图分类: | 3 | |
| 主题词: | 动物生态学 , 动物地理学 , 生物学 | |
| 电子资源: | ||
| ISBN: | 7-5031-2238-2 | |
| 000 | 00703nam0 2200253 45 | |
| 001 | 0011012053 | |
| 005 | 20001101202443.8 | |
| 010 | @a7-5031-2238-2@d40.00元 | |
| 100 | @a20001101d2000 km y0chiy0120 ea | |
| 101 | 0 | @achi |
| 105 | @a z 000yy | |
| 200 | 1 | @a中国保护动物图鉴@AZhong Guo Bao Hu Dong Wu Tu Jian@f李湘涛,徐丽娟主编@FLi Xiang Tao,Xu Li Juan Zhu Bian |
| 210 | @a北京@c中国地图出版社@d2000.01 | |
| 215 | @a149页@d16开 | |
| 606 | 0 | @a动物生态学 |
| 606 | 0 | @a动物地理学 |
| 606 | 0 | @a生物学 |
| 690 | @aQ958.52-64@v3 | |
| 690 | @aQ | |
| 692 | @a3 | |
| 701 | 0 | @a李湘涛@4主编 |
| 701 | 0 | @a徐丽娟@4主编 |
| 801 | @aCN@bPftUser@c20001101 | |
| 905 | @b195675-677@dQ958.52-64@eL824@f3 | |
| 中国保护动物图鉴/李湘涛,徐丽娟主编.-北京:中国地图出版社,2000.01 |
| 149页;16开 |
| ISBN 7-5031-2238-2:40.00元 |
| ● |
| 相关链接 |
|
|
|
正题名:中国保护动物图鉴
索取号:Q958.52-64/L824
 
预约/预借
| 序号 | 登录号 | 条形码 | 馆藏地/架位号 | 状态 | 备注 |
| 1 | 195675 | 201956758 | 自科库401/401自科库 37排2列1层/ [索取号:Q958.52-64/L824] | 在馆 | |
| 2 | 195676 | 201956767 | 自科库401/ [索取号:Q958.52-64/L824] | 在馆 | |
| 3 | 195677 | 201956776 | 生命科学与工程学院资料室/ [索取号:Q958.52-64/L824] | 在馆 |